Statistics for Pokemon Go: Team Quiz

Click here to take the quiz!

General Stats

  • This quiz has been taken 59 times
  • The average score is 10 of 12

Answer Stats

HintAnswer% Correct
Articuno
96%
Blue
96%
Red
96%
Yellow
96%
Moltres
94%
Team NameValor
94%
Zapdos
94%
LeaderMystic
89%
Legendary BirdInstinct
85%
Spark
62%
Blanche
57%
ColourCandela
51%

Score Distribution

Percentile by Number Answered

Percent of People with Each Score

Your Score History

You have not taken this quiz